000 00289nam a22001097a 4500
008 170116b xxu||||| |||| 00| 0 eng d
020 _a9780721688961
041 _aeng
080 _24TH
_a618.2
245 _aFOUNDATIONS OF PSYCHIATRIC MENTAL HEALTH NURSING
_cVARCAROLIS, E.M
942 _2udc
_cBK
999 _c2914
_d2914